| 000 | 00730nam a22001577a 4500 | ||
|---|---|---|---|
| 003 | OSt | ||
| 005 | 20151019151801.0 | ||
| 008 | 151019b xxu||||| |||| 00| 0 eng d | ||
| 040 | _cRUA | ||
| 082 | _aAVM MEN 2009 B087 Or.1 | ||
| 100 |
_92468 _aMEN, SORAKSA. |
||
| 245 | _aArtificial insemination on cattle in small holders livestock project production at pursat province, ការបង្កាត់ពូជគោដោយសប្បនិម្មិតក្នុងគំរោងការចិញ្ចឹមសត្តកម្ពុជា-សហគមន៍អឺរ៉ុប នៅខេត្តពោធិ៍សាត់ | ||
| 260 |
_aPhnom Penh _bRUA _c2009 |
||
| 300 |
_aix; 39p. _bill. _c29cm. |
||
| 942 |
_2ddc _cAVM |
||
| 999 |
_c2322 _d2322 |
||